[Event "Budapest FS03 FM-C"]
[Site "Budapest"]
[Date "2011.03.11"]
[Round "7"]
[White "Vujosevics, Eszter"]
[Black "Somogyi, Kristof"]
[Result "1-0"]
[WhiteElo "1404"]
[BlackElo "1510"]
[PlyCount "35"]
[EventDate "2011.03.05"]
[EventType "tourn"]
[EventRounds "10"]
[EventCountry "HUN"]
[SourceTitle "CBM 141 Extra"]
[Source "ChessBase"]
[SourceDate "2011.05.03"]
[SourceVersion "1"]
[SourceVersionDate "2011.05.03"]
[SourceQuality "1"]

1. e4 e5 2. Nf3 Nc6 3. Bc4 Bc5 4. d3 Nf6 5. Nc3 0-0 6. Bg5 Bb4 7. a3 Bxc3+ 8. bxc3 Na5 9. Ba2 d6 10. h3 Re8 11. d4 Nxe4 12. Bxd8 Rxd8 13. dxe5 Nxc3 14. Qd2 Ne4 15. Qxa5 dxe5 16. Nxe5 b6 17. Qa4 Rd2 18. Qe8# 1-0

[Event "Budapest FS03 FM-C"]
[Site "Budapest"]
[Date "2011.03.10"]
[Round "6"]
[White "Vujosevics, Eszter"]
[Black "Somogyi, Akos"]
[Result "1-0"]
[WhiteElo "1404"]
[BlackElo "1311"]
[PlyCount "33"]
[EventDate "2011.03.05"]
[EventType "tourn"]
[EventRounds "10"]
[EventCountry "HUN"]
[SourceTitle "CBM 141 Extra"]
[Source "ChessBase"]
[SourceDate "2011.05.03"]
[SourceVersion "1"]
[SourceVersionDate "2011.05.03"]
[SourceQuality "1"]

1. e4 c5 2. Nf3 e6 3. c4 Nc6 4. d4 Nf6 5. e5 Ne4 6. Bd3 f5 7. d5 Nd4 8. Nxd4 cxd4 9. d6 g6 10. h4 Bg7 11. h5 g5 12. h6 Bxe5 13. Qh5+ Kf8 14. Bxe4 fxe4 15. Nd2 Qe8 16. Qxg5 Bxd6 17. Qg7# 1-0

[Event "Budapest FS03 FM-C"]
[Site "Budapest"]
[Date "2011.03.07"]
[Round "3"]
[White "Vujosevics, Eszter"]
[Black "Simonyi, Dora"]
[Result "1-0"]
[WhiteElo "1404"]
[BlackElo "1362"]
[PlyCount "87"]
[EventDate "2011.03.05"]
[EventType "tourn"]
[EventRounds "10"]
[EventCountry "HUN"]
[SourceTitle "CBM 141 Extra"]
[Source "ChessBase"]
[SourceDate "2011.05.03"]
[SourceVersion "1"]
[SourceVersionDate "2011.05.03"]
[SourceQuality "1"]

1. e4 c5 2. Nf3 e6 3. c4 b6 4. d4 cxd4 5. Nxd4 Bb7 6. Nc3 Nc6 7. Be3 Nf6 8. Be2 Be7 9. 0-0 0-0 10. Re1 Qc7 11. Bg5 Rad8 12. f4 Nxd4 13. e5 Nxe2+ 14. Qxe2 Bc5+ 15. Kh1 Ne8 16. Bxd8 Qxd8 17. Rad1 Qe7 18. Qh5 Nc7 19. Rd3 Bc6 20. a3 a5 21. Rb1 Na6 22. Rh3 h6 23. Rg3 Kh7 24. Qg4 Rg8 25. Nb5 Be4 26. Re1 Bf5 27. Qe2 Qh4 28. Rf1 Nb8 29. Qe1 Nc6 30. Rxg7+ Rxg7 31. Qxh4 Be4 32. Rg1 Bxg1 33. Kxg1 Rxg2+ 34. Kf1 Rxb2 35. Nd6 Nd4 36. Nxe4 Rb1+ 37. Kf2 Rb2+ 38. Kf1 Rb1+ 39. Kg2 Rg1+ 40. Kf2 Re1 41. Nf6+ Kg7 42. Qg4+ Kf8 43. Qg8+ Ke7 44. Qe8# 1-0

[Event "Budapest FS03 FM-C"]
[Site "Budapest"]
[Date "2011.03.06"]
[Round "2"]
[White "Somogyi, Kristof"]
[Black "Vujosevics, Eszter"]
[Result "0-1"]
[WhiteElo "1510"]
[BlackElo "1404"]
[PlyCount "50"]
[EventDate "2011.03.05"]
[EventType "tourn"]
[EventRounds "10"]
[EventCountry "HUN"]
[SourceTitle "CBM 141 Extra"]
[Source "ChessBase"]
[SourceDate "2011.05.03"]
[SourceVersion "1"]
[SourceVersionDate "2011.05.03"]
[SourceQuality "1"]

1. e4 e5 2. Nf3 Nc6 3. Nc3 Nf6 4. d3 Bc5 5. Bg5 h6 6. Be3 Bb6 7. d4 exd4 8. Nxd4 0-0 9. Bb5 Ba5 10. Nxc6 bxc6 11. b4 Bxb4 12. Rb1 Bxc3+ 13. Bd2 Bxd2+ 14. Qxd2 cxb5 15. Rxb5 d6 16. 0-0 Ba6 17. Rfb1 Bxb5 18. Rxb5 Rb8 19. Qb4 Rxb5 20. Qxb5 Qb8 21. Qc4 Qb1+ 22. Qf1 Qxc2 23. h3 Rb8 24. f4 Rb1 25. e5 Qc5+ 0-1

[Event "Budapest FS12 FM-C"]
[Site "Budapest"]
[Date "2010.12.07"]
[Round "4"]
[White "Vujosevics, Eszter"]
[Black "Jones, Peter"]
[Result "1-0"]
[WhiteElo "1334"]
[BlackElo "1425"]
[PlyCount "139"]
[EventDate "2010.12.04"]
[EventType "tourn"]
[EventRounds "10"]
[EventCountry "HUN"]
[SourceTitle "CBM 139 Extra"]
[Source "ChessBase"]
[SourceDate "2011.01.05"]
[SourceVersion "1"]
[SourceVersionDate "2011.01.05"]
[SourceQuality "1"]

1. e4 b6 2. d4 Bb7 3. Nc3 Nf6 4. e5 Nd5 5. Nxd5 Bxd5 6. Bf4 e6 7. Bb5 Bxg2 8. f3 Bxh1 9. Qe2 Bb4+ 10. c3 Be7 11. Bd3 Bf8 12. 0-0-0 Be7 13. Nh3 d6 14. Rxh1 dxe5 15. Bxe5 Bg5+ 16. Kb1 0-0 17. Qe4 g6 18. Qxa8 Nd7 19. Qxd8 Bxd8 20. Bf4 Nf6 21. Ng5 Nd5 22. Bd2 a5 23. Nh3 Be7 24. Rg1 c5 25. dxc5 Bxc5 26. Rg2 Rd8 27. Bc2 Be3 28. c4 Bxd2 29. Rxd2 Nc3+ 30. Kc1 Nxa2+ 31. Kd1 Rc8 32. Bb3 Nb4 33. Rd6 Rb8 34. Rd7 b5 35. cxb5 Rxb5 36. f4 Nc6 37. Ba4 Rc5 38. Rc7 Rd5+ 39. Kc2 Nb4+ 40. Kb1 Rh5 41. Rc3 e5 42. Bd1 Rf5 43. Bg4 Rf6 44. fxe5 Ra6 45. Rc7 Nd5 46. Rb7 Ne3 47. Bd7 Nc4 48. Ng5 Nxe5 49. Bb5 Rd6 50. Re7 Rd5 51. Be8 Rd1+ 52. Kc2 Rf1 53. h4 h6 54. Ne4 Rf5 55. Ng3 Rf2+ 56. Kd1 Rf3 57. Ne2 Rf1+ 58. Kd2 Nc4+ 59. Kc3 Nb6 60. Ra7 Kf8 61. Bb5 Rf3+ 62. Kd4 Rh3 63. Kc5 g5 64. Kxb6 Rxh4 65. Rxa5 g4 66. Ra4 Rh2 67. Rxg4 Rh1 68. Rf4 Rb1 69. b4 Rh1 70. Bc4 1-0

[Event "Budapest FS12 FM-C"]
[Site "Budapest"]
[Date "2010.12.04"]
[Round "1"]
[White "Vujosevics, Eszter"]
[Black "Merk, Andras"]
[Result "1-0"]
[WhiteElo "1334"]
[BlackElo "1538"]
[PlyCount "43"]
[EventDate "2010.12.04"]
[EventType "tourn"]
[EventRounds "10"]
[EventCountry "HUN"]
[SourceTitle "CBM 139 Extra"]
[Source "ChessBase"]
[SourceDate "2011.01.05"]
[SourceVersion "1"]
[SourceVersionDate "2011.01.05"]
[SourceQuality "1"]

1. e4 c5 2. Nf3 d6 3. Bb5+ Bd7 4. Bxd7+ Nxd7 5. 0-0 Ngf6 6. Re1 Ne5 7. c3 Nd3 8. Re3 Nxc1 9. Qxc1 g6 10. d4 cxd4 11. cxd4 Bh6 12. Qc2 Bxe3 13. fxe3 0-0 14. Nc3 d5 15. e5 Ng4 16. Qd2 Nh6 17. e4 dxe4 18. Nxe4 Nf5 19. g4 Ng7 20. Qh6 f5 21. Neg5 Nh5 22. Qxh7# 1-0

[Event "Budapest FS11 FM-C"]
[Site "Budapest"]
[Date "2010.11.14"]
[Round "8"]
[White "Olah, Attila"]
[Black "Vujosevics, Eszter"]
[Result "1-0"]
[WhiteElo "1556"]
[BlackElo "1334"]
[PlyCount "45"]
[EventDate "2010.11.06"]
[EventType "tourn"]
[EventRounds "10"]
[EventCountry "HUN"]
[SourceTitle "EXT 2011"]
[Source "ChessBase"]
[SourceDate "2010.11.26"]
[SourceVersion "1"]
[SourceVersionDate "2010.11.26"]
[SourceQuality "1"]

1. e4 e5 2. Nf3 Nc6 3. Nc3 Nf6 4. d4 exd4 5. Nd5 Bc5 6. Bc4 d6 7. 0-0 Be6 8. Bg5 Bxd5 9. exd5 Ne7 10. Nxd4 Qd7 11. Bb5 c6 12. dxc6 bxc6 13. Ba4 Nfd5 14. Re1 f6 15. Bxc6 fxg5 16. Bxd7+ Kxd7 17. Qg4+ Kc7 18. Ne6+ Kc6 19. Nxc5 Kxc5 20. Qxg5 Rad8 21. b3 Kc6 22. c4 Nf6 23. Qxg7 1-0

[Event "HUN-chT U18"]
[Site "Miskolc"]
[Date "2010.11.05"]
[Round "6.18"]
[White "Mate, Levente"]
[Black "Vujosevics, Eszter"]
[Result "1-0"]
[WhiteElo "1561"]
[BlackElo "1334"]
[PlyCount "59"]
[EventDate "2010.11.02"]
[EventType "team-swiss"]
[EventRounds "8"]
[EventCountry "HUN"]
[SourceTitle "EXT 2016"]
[Source "ChessBase"]
[SourceDate "2015.10.08"]
[SourceVersion "1"]
[SourceVersionDate "2015.10.08"]
[SourceQuality "1"]

1. d3 d5 2. g3 e5 3. Nf3 Nc6 4. c3 Nf6 5. Bg2 Bc5 6. b4 Bb6 7. b5 Ne7 8. Nxe5 Bf5 9. 0-0 0-0 10. Be3 Qd6 11. Bxb6 Qxb6 12. e4 dxe4 13. dxe4 Rad8 14. Qb3 Be6 15. Qb4 c5 16. bxc6 bxc6 17. Qxe7 Qb2 18. Na3 Qxc3 19. f4 Rde8 20. Qd6 Rd8 21. Qxc6 Qxa3 22. Qc1 Qd6 23. Nc6 Rc8 24. e5 Qd7 25. exf6 Bd5 26. Bxd5 Qxd5 27. Ne7+ Kh8 28. Nxd5 Rxc1 29. Raxc1 Rd8 30. fxg7+ 1-0